Obras Completas

Gorde:
Xehetasun bibliografikoak
Egile nagusia: D'annunzio, Gabriele (Egilea)
Formatua: Liburua
Hizkuntza:gaztelania
Argitaratua: Madrid Aguilar 1960
Gaiak:
Etiketak: Etiketa erantsi
Etiketarik gabe, Izan zaitez lehena erregistro honi etiketa jartzen!

MARC

LEADER 00000nam a2200000 a 4500
001 UCV8879
003 CL-VaPUC
008 920127e19600000SP |||||||||||||||||spa|d
082 0 4 |a 858  |b DAN  |2 21 
100 0 |a D'annunzio, Gabriele  |e author  |9 302861 
245 1 0 |a Obras Completas 
300 |a v 
942 |c BK 
945 |d 19920127 00:00:00 
260 |a Madrid  |b Aguilar  |c 1960 
500 |a v.3: Teatro, versos de amor y de gloria 
650 7 |a DRAMAS ITALIANOS  |2 CL-VaPUC  |9 302862 
650 0 |a Poesías italianas  |9 265352 
583 |a last modification  |c 19920127 00:00:00  |k Rodrigo Vera 
999 |c 214305  |d 214303 
952 |0 0  |1 0  |4 0  |6 858_000000000000000_DAN_1960  |7 0  |8 R  |9 197539  |a BIBARQ  |b BIBARQ  |d 2019-11-14  |h v.3  |i 2652099  |o 858 DAN 1960  |p 2652099  |r 2025-01-20  |w 2019-11-14  |y BK_R  |k ARQ